| 000 | 02466 a2200265 4500 | ||
|---|---|---|---|
| 999 |
_c10745 _d10745 |
||
| 020 | _a9780128188583 | ||
| 020 | _a0128188588 | ||
| 050 | 0 | 0 |
_aQP571 _b.OPI 2019 |
| 100 |
_aLitwack, Gerald _eeditor |
||
| 245 | 0 | 0 |
_aVitamins and hormones: _bOpioid hormones / _cedited by Gerald Litwack. |
| 250 | _aFirst edition. | ||
| 264 | 1 |
_aAmsterdam : _bAcademic Press, _c2019. |
|
| 300 |
_axviii, 337 pages : _billustrations ; |
||
| 336 |
_atext _2rdacontent |
||
| 337 |
_aunmediated _2rdamedia |
||
| 338 |
_avolume _2rdacarrier |
||
| 440 | _a Vitamins and hormones | ||
| 505 | _a | ||
| 650 | 0 | _aHormones. | |
| 650 | 0 | _aOpioids. | |
| 650 | 7 | _aHormones. | |
| 650 | 7 | _aOpioids. | |
| 942 |
_2lcc _cBK _h571 _iOPI _kQP |
||